European Countries by a single clue - Statistics

General Stats
  • This quiz has been taken 81 times
  • The average score is 14 of 15
Answer Stats
Hint Answer % Correct
Started WW2 Germany
100%
Owns Greenland Denmark
99%
Home of Da Vinci Italy
99%
Made french fries Belgium
97%
Home of Hitler Austria
96%
Right below Italy Malta
95%
Home of D-day France
92%
Large part of Yugoslavia Serbia
92%
Russia's underling Belarus
91%
Being Invaded:( Ukraine
91%
Volcano island Iceland
88%
Capitol Vilnius Lithuania
87%
Suffered potato famine Ireland
86%
Nice beaches Greece
83%
Home of the winter war Finland
74%
No matching quizzes found
Score Distribution
Percent of People with Each Score
Percentile by Number Answered
Your Score History
You have not taken this quiz